| 000 | 00370nam a22001457a 4500 | ||
|---|---|---|---|
| 003 | OSt | ||
| 008 | 231114b |||||||| |||| 00| 0 eng d | ||
| 041 | _aeng | ||
| 082 |
_a828.09 _bDIG / S |
||
| 100 |
_aDigby, George Wingfield _95619 |
||
| 245 | _aSymbol and Image in William Blake | ||
| 260 |
_aLondon: _bOxford University Press, _c1957. |
||
| 300 | _a143p. | ||
| 942 | _cBK | ||
| 999 |
_c17836 _d17836 |
||